| 000 | 00592nam a2200181Ia 4500 | ||
|---|---|---|---|
| 001 | 6587 | ||
| 008 | 260622s9999 xx 000 0 und d | ||
| 020 | _a9789948371564 | ||
| 245 | 0 | _aGeo: Earth and its materiality in the ceramics of Michael Rice | |
| 260 |
_aSharjah; _bMaraya Art Centre; _c2019 |
||
| 300 |
_a123p; _c24x19cm |
||
| 520 | _aContributos: Dr. Nina Heydemann, Fatima Al Mahmoud, Jacques Kaufmann, Michael Rice. | ||
| 546 | _aEnglish; Arabic | ||
| 650 | _aN4390-5098 Visual Arts- Exhibitions | ||
| 651 |
_aIreland _94916 |
||
| 655 |
_aExhibition catalog _98701 |
||
| 942 | _cBK | ||
| 999 |
_c6587 _d6587 |
||